000
00325nam a22001337a 4500
008
170130b xxu||||| |||| 00| 0 eng d
020
_a
2900781795943
041
_a
eng
080
_2
5TH
_a
61
100
_a
2
101
_a
INF
245
_a
LEADERSHIP ROLES AND MANAGEMENT FUNCTIONS IN NURSING
_c
MARQUIS, B.L
942
_2
udc
_c
BK
999
_c
3985
_d
3985